| 000 | 01487cam a2200373 i 4500 | ||
|---|---|---|---|
| 999 |
_c1690 _d1690 |
||
| 001 | (Sirsi) a1039079 | ||
| 003 | OSt | ||
| 005 | 20230119142820.0 | ||
| 008 | 180404s20172017mau c 000 1 eng d | ||
| 020 |
_a9780544826083 _q(hardcover) : |
||
| 040 |
_aDLC _beng _cDLC _dDLC _dTAE _dKH8 _erda |
||
| 042 | _anbic | ||
| 082 | 0 | _a813.6 FRA | |
| 100 | 1 |
_aFrank, Steven, _d1963- _eauthor. |
|
| 245 | 1 | 0 |
_aArmstrong & Charlie / _cSteven B. Frank. |
| 246 | 3 | _aArmstrong and Charlie. | |
| 264 | 1 |
_aBoston : _bHoughton Mifflin Harcourt, _c[2017] |
|
| 264 | 4 | _c©2017. | |
| 300 |
_a298 pages ; _c22 cm. |
||
| 336 |
_atext _btxt _2rdacontent. |
||
| 337 |
_aunmediated _bn _2rdamedia. |
||
| 338 |
_avolume _bnc _2rdacarrier. |
||
| 520 |
_a"During the pilot year of a Los Angeles school system integration program, two sixth grade boys, one black, one white, become best friends as they learn to cope with everything from first crushes and playground politics to the loss of loved ones and racial prejudice in the 1970s"-- _cProvided by publisher. |
||
| 521 | 1 | _aAges 10-12. | |
| 650 | 0 |
_aRace relations _vJuvenile fiction. |
|
| 650 | 0 |
_aBest friends _vJuvenile fiction. |
|
| 650 | 0 |
_aFriendship _vJuvenile fiction. |
|
| 650 | 0 |
_aSchool integration _vJuvenile fiction. |
|
| 650 | 0 |
_aSchools _vJuvenile fiction. |
|
| 650 | 0 |
_aAfrican Americans _vJuvenile fiction. |
|
| 650 | 0 |
_aJews _zUnited States _vJuvenile fiction. |
|
| 651 | 0 |
_aLos Angeles (Calif.) _vJuvenile fiction. |
|
| 942 |
_2ddc _cNFIC |
||